A Textbook Of Production Technology: (Record no. 10156)
[ view plain ]
| 000 -LEADER | |
|---|---|
| fixed length control field | 00373nam a22001337a 4500 |
| 090 ## - LOCALLY ASSIGNED LC-TYPE CALL NUMBER (OCLC); LOCAL CALL NUMBER (OCLC) | |
| -- | 10156 |
| 008 - FIXED-LENGTH DATA ELEMENTS--GENERAL INFORMATION | |
| fixed length control field | 080902t xxu||||| |||| 00| 0 eng d |
| 020 ## - INTERNATIONAL STANDARD BOOK NUMBER | |
| International Standard Book Number | 8121911141 |
| 082 ## - DEWEY DECIMAL CLASSIFICATION NUMBER | |
| Edition number | 22 |
| Classification number | 670 |
| Item number | SHA |
| 245 ## - TITLE STATEMENT | |
| Title | A Textbook Of Production Technology: |
| Remainder of title | Manufacturing Processes / |
| Statement of responsibility, etc | P.C. Sharma. |
| 300 ## - PHYSICAL DESCRIPTION | |
| Extent | 784p: |
| Other physical details | ill, |
| Dimensions | c.2004. |
| 500 ## - GENERAL NOTE | |
| General note | Includes Index. |
| 942 ## - ADDED ENTRY ELEMENTS (KOHA) | |
| Source of classification or shelving scheme | Dewey Decimal Classification |
| Item type | Book - Borrowing |
| Withdrawn status | Item status | Source of classification or shelving scheme | Damaged status | Not for loan | Home library | Current library | Shelving location | Date acquired | Source of acquisition | Total Checkouts | Total Renewals | Full call number | Barcode | Date last seen | Date last borrowed | Koha item type |
|---|---|---|---|---|---|---|---|---|---|---|---|---|---|---|---|---|
| Dewey Decimal Classification | Central Library | Central Library | First floor | 02/09/2008 | Purchase | 1 | 1 | 670 SHA | 000013815 | 15/07/2025 | 27/02/2018 | Book - Borrowing |